Statistics for All Teams Jermain Defoe played at

Click here to take the quiz!

General Stats

  • This quiz has been taken 28 times
  • The average score is 9 of 12

Answer Stats

YearsHintTeam% Correct
2004-2008ClubTottenham Hotspur
100%
2009-2014ClubTottenham Hotspur
100%
2014 (loan)ClubTottenham Hotspur
100%
2004-nowNational TeamEngland
95%
2015-2017ClubSunderland
81%
2000-2001 (loan)ClubAFC Bournemouth
71%
2017-nowClubAFC Bournemouth
71%
1999-2004ClubWest Ham United
71%
2008 (loan)ClubPortsmouth
62%
2008-2009ClubPortsmouth
62%
2019-now (loan)ClubRangers
57%
2014ClubToronto FC
48%

Score Distribution

Percentile by Number Answered

Percent of People with Each Score

Your Score History

You have not taken this quiz